[Event "Brandenburg Seniors op 13th"]
[Site "Rowy"]
[Date "2004.06.27"]
[Round "6"]
[White "Petersohn, Horst"]
[Black "Meissner, Siegfried"]
[Result "1/2-1/2"]
[WhiteElo "1691"]
[BlackElo "1617"]
[PlyCount "27"]
[EventDate "2004.06.21"]
[EventType "swiss"]
[EventRounds "9"]
[EventCountry "POL"]
[SourceTitle "EXT 2006"]
[Source "ChessBase"]
[SourceDate "2005.11.24"]
[SourceVersion "1"]
[SourceVersionDate "2005.11.24"]
[SourceQuality "1"]

1. d4 d5 2. Nf3 Nf6 3. c4 e6 4. Bg5 Be7 5. Nc3 0-0 6. e3 a6 7. Bd3 h6 8. Bxf6 Bxf6 9. Rb1 dxc4 10. Bxc4 b5 11. Be2 Bb7 12. b4 Nd7 13. a4 bxa4 14. Nxa4 1/2-1/2

[Event "Brandenburg-ch Seniors 10th"]
[Site "Lindow"]
[Date "2002.09.21"]
[Round "7"]
[White "Voigt, Udo"]
[Black "Petersohn, Horst"]
[Result "0-1"]
[WhiteElo "1697"]
[BlackElo "1731"]
[PlyCount "122"]
[EventDate "2002.09.??"]
[EventType "swiss"]
[EventRounds "7"]
[EventCountry "GER"]
[SourceTitle "EXT 2006"]
[Source "ChessBase"]
[SourceDate "2005.11.24"]
[SourceVersion "1"]
[SourceVersionDate "2005.11.24"]
[SourceQuality "1"]

1. d4 Nf6 2. c4 c6 3. Nc3 d5 4. cxd5 cxd5 5. Nf3 e6 6. Bg5 Be7 7. e3 0-0 8. Bd3 Nbd7 9. 0-0 b6 10. Bf4 Bb7 11. h3 Re8 12. Rc1 a6 13. a3 b5 14. Qb3 Rc8 15. Na2 Nb6 16. Rxc8 Bxc8 17. Rc1 Bd6 18. Bg5 Bb7 19. Qc2 h6 20. Bh4 Qe7 21. Nc3 Nc4 22. Nd2 g5 23. Bg3 Bxg3 24. fxg3 Nxe3 25. Qb1 Qd6 26. Ne2 e5 27. dxe5 Qxe5 28. Nf3 Qd6 29. b4 Nc4 30. Qa1 Ne4 31. Bxe4 Rxe4 32. Nfd4 Qe5 33. Re1 h5 34. Qd1 Nxa3 35. Nf3 Qe7 36. Nfd4 Qxb4 37. Nf5 Qc5+ 38. Kh2 Nc4 39. Ned4 Qb6 40. Qxh5 Qg6 41. Ne7+ Rxe7 42. Qxg6+ fxg6 43. Rxe7 Na5 44. Kg1 Kf8 45. Rc7 Ke8 46. h4 b4 47. Kf2 Kd8 48. Rc5 Nc4 49. Nb3 Kd7 50. Na5 Nxa5 51. Rxa5 Kc6 52. Ke3 Kb6 53. Ra2 a5 54. Kd4 Kb5 55. Re2 a4 56. hxg5 a3 57. Kd3 Bc8 58. Kc2 Kc4 59. Re7 Bf5+ 60. Kd2 a2 61. Rc7+ Kb3 0-1

[Event "Brandenburg-ch Seniors 10th"]
[Site "Lindow"]
[Date "2002.09.20"]
[Round "6"]
[White "Petersohn, Horst"]
[Black "Mueller, Klaus2222"]
[Result "0-1"]
[WhiteElo "1731"]
[BlackElo "2033"]
[PlyCount "82"]
[EventDate "2002.09.??"]
[EventType "swiss"]
[EventRounds "7"]
[EventCountry "GER"]
[SourceTitle "EXT 2006"]
[Source "ChessBase"]
[SourceDate "2005.11.24"]
[SourceVersion "1"]
[SourceVersionDate "2005.11.24"]
[SourceQuality "1"]

1. d4 Nf6 2. Nf3 e6 3. c4 b6 4. Nc3 Bb7 5. Bg5 Be7 6. e3 0-0 7. Bd3 d5 8. cxd5 exd5 9. Rc1 Nbd7 10. 0-0 c5 11. Ne5 Nxe5 12. dxe5 Nd7 13. Bxe7 Qxe7 14. f4 f6 15. Rf3 fxe5 16. Rh3 e4 17. Bc2 Nf6 18. g4 Rad8 19. g5 Ne8 20. Qh5 g6 21. Qh6 Qg7 22. Rg3 Nd6 23. Re1 Qd7 24. Qh3 Nf5 25. Re2 Rfe8 26. Nd1 Bc8 27. Nf2 Qe7 28. Ng4 Kh8 29. Rd2 Qb7 30. Nf6 Nd4 31. Qh6 Nf3+ 32. Kh1 Qg7 33. Qxg7+ Kxg7 34. Nxe8+ Rxe8 35. Rgg2 Nxd2 36. Rxd2 Bb7 37. Kg1 d4 38. exd4 e3 39. Re2 cxd4 40. Kf1 Ba6 41. Ke1 d3 0-1